| 000 | 00431nam a2200169 i 4500 | ||
|---|---|---|---|
| 001 | bg | ||
| 100 | 1 | _aDEMIN, V. V. | |
| 245 | 0 |
_aProgressivnye metody proizvodstva mikroschem / _cV.V. Demin, Z.Ju. Gotra, M.D. Matvijkiv. |
|
| 260 |
_aLvov, _c1973. |
||
| 700 | 1 | _aGOTRA, Z. Ju. | |
| 700 | 1 | _aMATVIJKIV, M. D. | |
| 040 | _cBPK | ||
| 041 | _apol | ||
| 080 | _a621.38 | ||
| 942 | _cKS | ||
| 008 | s pl f |000 0 pol | ||
| 999 |
_c26717 _d26717 |
||
| 856 |
_uhttp://koha.tu.koszalin.pl/cgi-bin/koha/opac-detail.pl?biblionumber=26717 _yKatalog online BPK |
||